| 000 | 00908nam a2200193 a 4500 | ||
|---|---|---|---|
| 008 | 130416s2007 ||||||||||||||||| || u | ||
| 020 | _a9780199115327 | ||
| 050 | _aPE 1628 Oxf | ||
| 100 | _aDelahunty, Andrew | ||
| 245 | 1 | 0 |
_aOxford student's dictionary. _cedited by Robert Allen and Andrew Delahunty |
| 260 |
_aOxford: _bOxford University Press _c2007 |
||
| 300 | _axiii, 1232p. | ||
| 650 | 0 | _aENGLISH LANGUAGE--DICTIONARIES | |
| 650 | _aENGLISH--DICTIONARIES | ||
| 700 | _aAllen, Robert | ||
| 995 |
_FCBU-MAIN LIBRARY (Kitwe) _M3 _UDAMAGED _WOct 29, 2015 _ZReference Collection |
||
| 995 |
_FCBU-MAIN LIBRARY (Kitwe) _M1 _UAVAILABLE _WJun 7, 2013 _ZReference Collection |
||
| 995 |
_FCBU-MAIN LIBRARY (Kitwe) _M2 _UDAMAGED _WJun 7, 2013 _ZReference Collection |
||
| 999 |
_c81722 _d81722 |
||